[Event "SCO-ch96/1989"]
[Site "St. Andrews"]
[Date "1989.07.13"]
[Round "1"]
[White "Buchanan, Walter F"]
[Black "Morrison, Graham"]
[Result "1/2-1/2"]
[WhiteElo "2205"]
[BlackElo "2325"]
[PlyCount "35"]
[EventDate "1989.07.13"]
[EventType "swiss"]
[EventRounds "9"]
[EventCountry "SCO"]
[SourceTitle "BritBase"]
[Source "John Saunders"]
[SourceDate "2025.07.03"]
[SourceVersion "1"]
[SourceVersionDate "2025.07.03"]
[SourceQuality "1"]

1. e4 c5 2. f4 g6 3. d3 Bg7 4. c3 Nf6 5. Nf3 d6 6. h3 O-O 7. g4 Nc6 8. Be3 b5 9. Be2 b4 10. O-O Rb8 11. Nbd2 bxc3 12. bxc3 Ba6 13. Qc2 Qa5 14. Rfc1 Rfc8 15. Bf1 Nd7 16. Nb3 Qa4 17. Qd2 c4 18. Qc2 1/2-1/2

[Event "SCO-ch96/1989"]
[Site "St. Andrews"]
[Date "1989.07.13"]
[Round "1"]
[White "Holmes, Donald A"]
[Black "Grant, Jonathan I M"]
[Result "1-0"]
[WhiteElo "2310"]
[BlackElo "2110"]
[PlyCount "107"]
[EventDate "1989.07.13"]
[EventType "swiss"]
[EventRounds "9"]
[EventCountry "SCO"]
[SourceTitle "BritBase"]
[Source "John Saunders"]
[SourceDate "2025.07.03"]
[SourceVersion "1"]
[SourceVersionDate "2025.07.03"]
[SourceQuality "1"]

1. e4 c6 2. d4 d5 3. exd5 cxd5 4. c4 Nf6 5. Nc3 e6 6. Nf3 Bb4 7. cxd5 Nxd5 8. Qc2 Nc6 9. Bd3 Ba5 10. a3 Nxc3 11. bxc3 Nxd4 12. Nxd4 Qxd4 13. Bb5+ Ke7 14. O-O Qxc3 15. Qe4 f6 16. Bf4 Qc5 17. Bc4 Qc6 18. Qe2 Bd7 19. Rfd1 Bc7 20. Rxd7+ Qxd7 21. Rd1 Qxd1+ 22. Qxd1 Bxf4 23. Qg4 Be5 24. Qxe6+ Kd8 25. f4 Bxf4 26. Qf7 Kc8 27. Qxg7 Be3+ 28. Kf1 Re8 29. Bf7 Re7 30. Qf8+ Kd7 31. Qxa8 Rxf7 32. Qxb7+ Ke8 33. Qa8+ Kd7 34. Qb7+ Ke8 35. Qc8+ Ke7 36. Ke2 Bb6 37. g4 Kd6 38. Qf5 Re7+ 39. Kd3 Re6 40. a4 h6 41. Qf4+ Ke7 42. Qxh6 Rd6+ 43. Ke4 Rd4+ 44. Kf5 Rd5+ 45. Ke4 Rd4+ 46. Kf3 Kf7 47. Qh7+ Ke6 48. Qc2 Rd5 49. h4 Re5 50. h5 Re3+ 51. Kg2 Kd6 52. h6 Bd4 53. h7 f5 54. Qd2 1-0

[Event "SCO-ch96/1989"]
[Site "St. Andrews"]
[Date "1989.07.13"]
[Round "1"]
[White "MacKay, Ian D"]
[Black "Swan, Iain"]
[Result "1/2-1/2"]
[WhiteElo "2335"]
[BlackElo "2280"]
[PlyCount "90"]
[EventDate "1989.07.13"]
[EventType "swiss"]
[EventRounds "9"]
[EventCountry "SCO"]
[SourceTitle "BritBase"]
[Source "John Saunders"]
[SourceDate "2025.07.03"]
[SourceVersion "1"]
[SourceVersionDate "2025.07.03"]
[SourceQuality "1"]

1. c4 e6 2. Nf3 Nf6 3. b3 d5 4. Bb2 Be7 5. g3 a5 6. Bg2 a4 7. a3 axb3 8. Qxb3 c6 9. O-O Nbd7 10. d3 Nc5 11. Qc2 Na4 12. Be5 O-O 13. Nbd2 Qa5 14. Nb3 Qa6 15. cxd5 exd5 16. Bd4 Be6 17. Nc5 Nxc5 18. Bxc5 Bxc5 19. Qxc5 Nd7 20. Qd6 c5 21. Qf4 b5 22. Ng5 h6 23. Nxe6 fxe6 24. Qc1 Rfb8 25. Bh3 Rb6 26. Qc3 Qa5 27. Qb2 d4 28. Rfc1 Qa4 29. e3 Ne5 30. Qe2 c4 31. exd4 Nxd3 32. Rd1 Re8 33. d5 e5 34. Bf5 e4 35. Bxe4 Rf6 36. f3 Qa7+ 37. Kg2 Qd4 38. Rab1 Rxe4 39. Qxe4 Qf2+ 40. Kh1 Rxf3 41. Rf1 Qxf1+ 42. Rxf1 Rxf1+ 43. Kg2 Re1 44. Qg6 Re2+ 45. Kf1 Re1+ 1/2-1/2

[Event "SCO-ch96/1989"]
[Site "St. Andrews"]
[Date "1989.07.13"]
[Round "1"]
[White "McNab, Colin Anderson"]
[Black "Bryson, Douglas Marshall"]
[Result "0-1"]
[WhiteElo "2435"]
[BlackElo "2275"]
[PlyCount "90"]
[EventDate "1989.07.13"]
[EventType "swiss"]
[EventRounds "9"]
[EventCountry "SCO"]
[SourceTitle "BritBase"]
[Source "John Saunders"]
[SourceDate "2025.07.03"]
[SourceVersion "1"]
[SourceVersionDate "2025.07.03"]
[SourceQuality "1"]

1. c4 e6 2. Nf3 d5 3. e3 Nf6 4. Nc3 c6 5. Qc2 Bd6 6. d4 Nbd7 7. Bd2 O-O 8. O-O-O c5 9. cxd5 exd5 10. Kb1 c4 11. e4 dxe4 12. Ng5 Nb6 13. Ngxe4 Be7 14. Be2 Nxe4 15. Qxe4 Re8 16. d5 Bd7 17. Qf3 Rc8 18. Be3 Bf6 19. Bd4 Bxd4 20. Rxd4 Qg5 21. Ka1 Qe5 22. Rd2 Na4 23. Nxa4 Bxa4 24. Qc3 Bd7 25. Bf3 Qd6 26. Qd4 b5 27. Rc1 a5 28. g3 a4 29. Rc3 Bf5 30. Re3 Bd3 31. Be2 Bf5 32. a3 Rxe3 33. fxe3 c3 34. e4 cxd2 35. exf5 Rc1+ 36. Ka2 Qc5 37. Qxd2 Rc2 38. Qd3 Qc4+ 39. Qxc4 bxc4 40. Bd1 Rd2 41. Bxa4 c3 42. d6 c2 43. Bxc2 Rxc2 44. a4 Kf8 45. a5 Ke8 0-1

[Event "SCO-ch96/1989"]
[Site "St. Andrews"]
[Date "1989.07.13"]
[Round "1"]
[White "Muir, Andrew Joseph"]
[Black "McKay, Roderick McIntosh"]
[Result "1-0"]
[WhiteElo "2250"]
[BlackElo "2390"]
[PlyCount "80"]
[EventDate "1989.07.13"]
[EventType "swiss"]
[EventRounds "9"]
[EventCountry "SCO"]
[SourceTitle "BritBase"]
[Source "John Saunders"]
[SourceDate "2025.07.03"]
[SourceVersion "1"]
[SourceVersionDate "2025.07.03"]
[SourceQuality "1"]

1. d4 e6 2. c4 f5 3. Nc3 Nf6 4. e3 d5 5. Bd3 c6 6. Nge2 Bd6 7. f3 O-O 8. O-O Kh8 9. Qc2 Na6 10. a3 dxc4 11. Bxc4 Nc7 12. Bd2 e5 13. dxe5 Bxe5 14. Rad1 Qe7 15. Kh1 Nce8 16. Bd3 g6 17. f4 Bc7 18. e4 Ng7 19. e5 Ng4 20. Na4 Rd8 21. h3 Nh6 22. Bb4 Qf7 23. Ng1 Be6 24. Nc5 Nh5 25. Kh2 a5 26. Bc3 Bb6 27. Nxe6 Qxe6 28. Nf3 Nf7 29. Bc4 Qxc4 30. e6+ Kg8 31. exf7+ Qxf7 32. Ng5 Qc4 33. b3 Qc5 34. Ne6 Rxd1 35. Nxc5 Rxf1 36. Qe2 Bxc5 37. Qxf1 Bxa3 38. Qc4+ Kf8 39. Qd4 Kf7 40. Qd7+ Be7 1-0

[Event "SCO-ch96/1989"]
[Site "St. Andrews"]
[Date "1989.07.13"]
[Round "1"]
[White "Roberts, Paul E"]
[Black "Mannion, Stephen R"]
[Result "1/2-1/2"]
[WhiteElo "1865"]
[BlackElo "2300"]
[PlyCount "71"]
[EventDate "1989.07.13"]
[EventType "swiss"]
[EventRounds "9"]
[EventCountry "SCO"]
[SourceTitle "BritBase"]
[Source "John Saunders"]
[SourceDate "2025.07.03"]
[SourceVersion "1"]
[SourceVersionDate "2025.07.03"]
[SourceQuality "1"]

1. e4 e5 2. Nf3 Nc6 3. Bb5 a6 4. Ba4 Nf6 5. O-O Be7 6. Re1 b5 7. Bb3 d6 8. c3 O-O 9. h3 Bb7 10. d4 Re8 11. Nbd2 Bf8 12. a3 g6 13. Bc2 Nb8 14. b4 Nbd7 15. Bb2 Bg7 16. dxe5 dxe5 17. c4 c6 18. Qe2 Nh5 19. Nb3 Rc8 20. Red1 Qe7 21. Na5 Ba8 22. c5 Nf8 23. Rd6 Qc7 24. g3 Nd7 25. Bc3 Bf8 26. Rd3 f6 27. Bb3+ Kg7 28. Rad1 Nb8 29. Qd2 Be7 30. Qb2 Bf8 31. Ba2 Kh8 32. Qb3 Be7 33. Qb2 Bf8 34. Qb3 Be7 35. Qb2 Bf8 36. Qb3 1/2-1/2

[Event "SCO-ch96/1989"]
[Site "St. Andrews"]
[Date "1989.07.13"]
[Round "1"]
[White "Upton, Timothy J"]
[Black "Condie, Mark L"]
[Result "0-1"]
[WhiteElo "2305"]
[BlackElo "2445"]
[PlyCount "270"]
[EventDate "1989.07.13"]
[EventType "swiss"]
[EventRounds "9"]
[EventCountry "SCO"]
[SourceTitle "BritBase"]
[Source "John Saunders"]
[SourceDate "2025.07.03"]
[SourceVersion "1"]
[SourceVersionDate "2025.07.03"]
[SourceQuality "1"]

1. e4 e5 2. Nf3 Nc6 3. d4 exd4 4. Bc4 Nf6 5. e5 d5 6. Bb5 Ne4 7. Nxd4 Bc5 8. O-O O-O 9. Bxc6 bxc6 10. Be3 Qe8 11. Re1 Qxe5 12. Nxc6 Qd6 13. Nd4 Qg6 14. Nf3 Bh3 15. Nh4 Qf6 16. Bxc5 Qxh4 17. gxh3 Nxc5 18. Qxd5 Ne6 19. Nc3 Rad8 20. Qg2 Rd2 21. Qg3 Qh6 22. Re2 Rxe2 23. Nxe2 Rd8 24. Nc3 Nf4 25. Re1 Nxh3+ 26. Kh1 Nf4 27. Re4 Ne6 28. Qh4 Qc1+ 29. Kg2 g5 30. Ne2 Qxc2 31. Qg4 Qc6 32. f3 Rd2 33. Kg3 Qd6+ 34. Kf2 h6 35. h4 Nf4 36. hxg5 Nd3+ 37. Ke3 Ne5 38. Rxe5 Rxe2+ 39. Kxe2 Qxe5+ 40. Kf1 hxg5 41. Qc8+ Kg7 42. Qb7 a5 43. Qb3 Kf6 44. Kf2 Qd4+ 45. Kg2 a4 46. Qb8 Qd2+ 47. Kh3 Qd7+ 48. Kg2 Qd2+ 49. Kh3 Qf4 50. Qh8+ Ke7 51. Qc3 Kd6 52. Qd3+ Kc5 53. Qa3+ Kb6 54. Qc3 c5 55. Qd3 Qd4 56. Qe2 Qd7+ 57. Kg3 Qd6+ 58. Kg4 f6 59. Qe4 Qd4 60. Kf5 Qxe4+ 61. Kxe4 Kb5 62. Kf5 a3 63. b3 Kb4 64. Kxf6 Kc3 65. Kxg5 Kb2 66. f4 Kxa2 67. f5 Kxb3 68. f6 a2 69. f7 a1=Q 70. f8=Q Qe5+ 71. Kg4 c4 72. Qf7 Kc3 73. Kh4 Kd4 74. Qa7+ Ke4 75. Qa4 Kd4 76. Qa7+ Kd3 77. Qa6 Qd5 78. Kg4 Ke4 79. Qg6+ Ke3 80. Qh6+ Kf2 81. Qf6+ Ke2 82. Qb2+ Kd3 83. Qb1+ Kd4 84. Qg1+ Ke5 85. Qh2+ Kf6 86. Qh8+ Ke7 87. Qg7+ Kd6 88. Qf8+ Kd7 89. Qg7+ Kc6 90. Qf6+ Kc5 91. Qf8+ Kb5 92. Qb8+ Ka4 93. Qa7+ Kb3 94. Qb6+ Kc2 95. Qf2+ Qd2 96. Qa7 Qe2+ 97. Kh4 Qe4+ 98. Kh5 Qd5+ 99. Kh6 c3 100. Qb6 Kd3 101. Qg6+ Kd2 102. Qb6 c2 103. Qb4+ Kc1 104. Qb6 Kd1 105. Qg1+ Kd2 106. Qf2+ Kc3 107. Qe3+ Kb2 108. Qb6+ Qb3 109. Qf6+ Kb1 110. Qf5 Qb6+ 111. Kh7 Qc7+ 112. Kh8 Kb2 113. Qb5+ Ka3 114. Qd3+ Kb4 115. Qd4+ Kb5 116. Qd5+ Kb4 117. Qd4+ Kb3 118. Qd5+ Qc4 119. Qb7+ Ka2 120. Qa7+ Kb2 121. Qb6+ Qb3 122. Qf2 Qb8+ 123. Kh7 Qc7+ 124. Kg8 Qc8+ 125. Kh7 Kb3 126. Qb6+ Ka4 127. Qd4+ Kb5 128. Qb2+ Ka6 129. Qa2+ Kb7 130. Qb2+ Ka7 131. Qa3+ Kb8 132. Qc1 Qc7+ 133. Kg6 Kc8 134. Kf5 Qd7+ 135. Ke4 Qd1 0-1

[Event "SCO-ch96/1989"]
[Site "St. Andrews"]
[Date "1989.07.14"]
[Round "2"]
[White "Bryson, Douglas Marshall"]
[Black "Holmes, Donald A"]
[Result "1/2-1/2"]
[WhiteElo "2275"]
[BlackElo "2310"]
[PlyCount "61"]
[EventDate "1989.07.13"]
[EventType "swiss"]
[EventRounds "9"]
[EventCountry "SCO"]
[SourceTitle "BritBase"]
[Source "John Saunders"]
[SourceDate "2025.07.03"]
[SourceVersion "1"]
[SourceVersionDate "2025.07.03"]
[SourceQuality "1"]

1. e4 c5 2. Nf3 e6 3. d4 cxd4 4. Nxd4 Nc6 5. Nc3 d6 6. f4 Nf6 7. Be3 Be7 8. Qf3 O-O 9. O-O-O Qc7 10. g4 Nxd4 11. Bxd4 e5 12. fxe5 dxe5 13. Qg3 Be6 14. Bxe5 Qc5 15. Kb1 Rfc8 16. Bd3 Nd7 17. Bf4 Bf6 18. Nd5 Bxd5 19. exd5 g6 20. Bc1 Nb6 21. Rhf1 Bg7 22. Qf2 Nxd5 23. Qxc5 Rxc5 24. a3 Re8 25. Rde1 Rxe1 26. Rxe1 Kf8 27. h3 b5 28. Bd2 a6 29. Be4 Be5 30. Rd1 Ke7 31. Bh6 1/2-1/2

[Event "SCO-ch96/1989"]
[Site "St. Andrews"]
[Date "1989.07.14"]
[Round "2"]
[White "Condie, Mark L"]
[Black "Muir, Andrew Joseph"]
[Result "1-0"]
[WhiteElo "2445"]
[BlackElo "2250"]
[PlyCount "83"]
[EventDate "1989.07.13"]
[EventType "swiss"]
[EventRounds "9"]
[EventCountry "SCO"]
[SourceTitle "BritBase"]
[Source "John Saunders"]
[SourceDate "2025.07.03"]
[SourceVersion "1"]
[SourceVersionDate "2025.07.03"]
[SourceQuality "1"]

1. d4 d5 2. Bf4 c5 3. e3 Nf6 4. c3 Qb6 5. Qb3 c4 6. Qc2 g6 7. Nd2 Bf5 8. Qc1 Nh5 9. Be5 f6 10. Bxb8 Rxb8 11. Be2 Bd7 12. Bf3 e6 13. Ne2 Bd6 14. b3 Qc7 15. bxc4 dxc4 16. Ne4 Be7 17. Bxh5 gxh5 18. Nf4 f5 19. Nd2 h4 20. Nf3 b5 21. O-O O-O 22. Nh3 Kh8 23. e4 fxe4 24. Ne5 Bf6 25. Nxd7 Qxd7 26. Re1 e5 27. dxe5 Bxe5 28. Rxe4 Qg7 29. Ng5 Rf5 30. Ne6 Qf6 31. Qe3 Bxc3 32. Qxa7 Re8 33. Ng5 Rxg5 34. Rxe8+ Rg8 35. Rxg8+ Kxg8 36. Rd1 Be5 37. Qb7 c3 38. Qxb5 Kg7 39. Rd7+ Kh6 40. Qd3 Qf4 41. g3 Qc1+ 42. Kg2 1-0

[Event "SCO-ch96/1989"]
[Site "St. Andrews"]
[Date "1989.07.14"]
[Round "2"]
[White "Grant, Jonathan I M"]
[Black "McNab, Colin Anderson"]
[Result "0-1"]
[WhiteElo "2110"]
[BlackElo "2435"]
[PlyCount "66"]
[EventDate "1989.07.13"]
[EventType "swiss"]
[EventRounds "9"]
[EventCountry "SCO"]
[SourceTitle "BritBase"]
[Source "John Saunders"]
[SourceDate "2025.07.03"]
[SourceVersion "1"]
[SourceVersionDate "2025.07.03"]
[SourceQuality "1"]

1. c4 d6 2. Nc3 e5 3. g3 Nc6 4. Bg2 Be6 5. d3 Qd7 6. b4 g6 7. b5 Nd8 8. a4 Bg7 9. Ba3 Ne7 10. Nf3 h6 11. Nd2 O-O 12. Rc1 f5 13. f4 c6 14. Nb3 Nf7 15. O-O Rac8 16. e3 Kh7 17. Qe2 Rfe8 18. d4 exd4 19. exd4 cxb5 20. Nxb5 a6 21. d5 Nxd5 22. Nxd6 Nxd6 23. cxd5 Bxd5 24. Qd3 Bxb3 25. Qxb3 Ne4 26. Rcd1 Qc7 27. Bxe4 Rxe4 28. Rd6 Re2 29. Rfd1 Qc2 30. Qxb7 Rc7 31. Qa8 Qb3 32. R6d3 Qb6+ 33. Kh1 Qf2 0-1

[Event "SCO-ch96/1989"]
[Site "St. Andrews"]
[Date "1989.07.14"]
[Round "2"]
[White "Mannion, Stephen R"]
[Black "MacKay, Ian D"]
[Result "0-1"]
[WhiteElo "2300"]
[BlackElo "2335"]
[PlyCount "90"]
[EventDate "1989.07.13"]
[EventType "swiss"]
[EventRounds "9"]
[EventCountry "SCO"]
[SourceTitle "BritBase"]
[Source "John Saunders"]
[SourceDate "2025.07.03"]
[SourceVersion "1"]
[SourceVersionDate "2025.07.03"]
[SourceQuality "1"]

1. e4 c5 2. Nf3 e6 3. d4 cxd4 4. Nxd4 a6 5. Bd3 Nc6 6. Be3 Nf6 7. O-O Qc7 8. a4 Ne5 9. h3 d5 10. Nc3 dxe4 11. Nxe4 Nd5 12. Bd2 Nxd3 13. cxd3 Qb6 14. Nb3 Be7 15. Ba5 Qa7 16. Qf3 O-O 17. Nc3 Nf6 18. Bc7 b6 19. Be5 Qb7 20. Qg3 Ne8 21. Rfe1 f6 22. Bf4 e5 23. Bd2 Be6 24. Nc1 Nd6 25. N1e2 Nf5 26. Qh2 Rad8 27. Nc1 Nd4 28. Rb1 Nb3 29. Rd1 Bd6 30. Qg3 Nxd2 31. Rxd2 f5 32. Qe3 Rf6 33. d4 Rg6 34. d5 f4 35. Qf3 Bf5 36. Ra1 Bb4 37. N1a2 Bc5 38. Re1 Rg3 39. Qh5 g6 40. Qh6 Bf8 41. Qxf8+ Rxf8 42. fxg3 fxg3 43. Rxe5 Qc7 44. d6 Qc4 45. Re1 Qf4 0-1

[Event "SCO-ch96/1989"]
[Site "St. Andrews"]
[Date "1989.07.14"]
[Round "2"]
[White "McKay, Roderick McIntosh"]
[Black "Buchanan, Walter F"]
[Result "1-0"]
[WhiteElo "2390"]
[BlackElo "2205"]
[PlyCount "71"]
[EventDate "1989.07.13"]
[EventType "swiss"]
[EventRounds "9"]
[EventCountry "SCO"]
[SourceTitle "BritBase"]
[Source "John Saunders"]
[SourceDate "2025.07.03"]
[SourceVersion "1"]
[SourceVersionDate "2025.07.03"]
[SourceQuality "1"]

1. d4 Nf6 2. Nc3 d5 3. Bg5 Nbd7 4. Nf3 e6 5. e4 h6 6. Bxf6 Nxf6 7. Qd3 dxe4 8. Nxe4 Nxe4 9. Qxe4 Qd5 10. Bd3 Bd6 11. O-O Qxe4 12. Bxe4 Bd7 13. Bxb7 Rb8 14. Be4 Rxb2 15. Rab1 Rxb1 16. Rxb1 Ke7 17. Ne5 Rc8 18. Rb7 a5 19. g3 Bb4 20. Bc6 Be8 21. Bxe8 Kxe8 22. Nc6 Bc3 23. Kg2 f6 24. a4 Ba1 25. Na7 Rd8 26. Rxc7 Rxd4 27. c4 Rd7 28. Rc8+ Kf7 29. Nb5 Rd2 30. Kf1 Ra2 31. c5 Rxa4 32. c6 Rb4 33. c7 Rxb5 34. Rf8+ Kxf8 35. c8=Q+ Ke7 36. Qc7+ 1-0

[Event "SCO-ch96/1989"]
[Site "St. Andrews"]
[Date "1989.07.14"]
[Round "2"]
[White "Morrison, Graham"]
[Black "Roberts, Paul E"]
[Result "1-0"]
[WhiteElo "2325"]
[BlackElo "1865"]
[PlyCount "59"]
[EventDate "1989.07.13"]
[EventType "swiss"]
[EventRounds "9"]
[EventCountry "SCO"]
[SourceTitle "BritBase"]
[Source "John Saunders"]
[SourceDate "2025.07.03"]
[SourceVersion "1"]
[SourceVersionDate "2025.07.03"]
[SourceQuality "1"]

1. d4 Nf6 2. c4 e6 3. Nf3 Bb4+ 4. Bd2 Qe7 5. g3 Nc6 6. Nc3 d6 7. d5 exd5 8. cxd5 Ne5 9. Nxe5 dxe5 10. Bg2 O-O 11. O-O e4 12. Bg5 Bxc3 13. bxc3 Bf5 14. Qd4 Rfd8 15. Rad1 Rd6 16. c4 c6 17. Qc5 b6 18. Qa3 Qd8 19. f3 exf3 20. Bxf3 Bh3 21. Rfe1 h6 22. Bxf6 gxf6 23. Qc1 Kh7 24. dxc6 Rxd1 25. Rxd1 Qc7 26. Rd5 f5 27. Rd7 Qe5 28. Rxf7+ Kg8 29. Rd7 f4 30. Rd5 1-0

[Event "SCO-ch96/1989"]
[Site "St. Andrews"]
[Date "1989.07.14"]
[Round "2"]
[White "Swan, Iain"]
[Black "Upton, Timothy J"]
[Result "0-1"]
[WhiteElo "2280"]
[BlackElo "2305"]
[PlyCount "102"]
[EventDate "1989.07.13"]
[EventType "swiss"]
[EventRounds "9"]
[EventCountry "SCO"]
[SourceTitle "BritBase"]
[Source "John Saunders"]
[SourceDate "2025.07.03"]
[SourceVersion "1"]
[SourceVersionDate "2025.07.03"]
[SourceQuality "1"]

1. e4 e5 2. f4 exf4 3. Nf3 d5 4. exd5 Nf6 5. Be2 Nxd5 6. c4 Nf6 7. d4 c5 8. d5 Bd6 9. O-O O-O 10. Nc3 Bg4 11. Ng5 Bxe2 12. Qxe2 Re8 13. Qf3 Nbd7 14. Bxf4 Ne5 15. Bxe5 Bxe5 16. Nge4 Nxe4 17. Nxe4 Qe7 18. Nc3 Qh4 19. g3 Qd4+ 20. Qf2 f6 21. Qxd4 cxd4 22. Na4 b5 23. cxb5 Rab8 24. Rac1 Rxb5 25. Rc5 Reb8 26. Rd1 Rxc5 27. Nxc5 Rb5 28. Nd3 Rxd5 29. b4 Kf7 30. a4 Rd7 31. Re1 Rd5 32. b5 Ke7 33. Kf2 Kd7 34. Kf3 Bc7 35. Ke4 Rh5 36. Kxd4 Bb6+ 37. Kc4 Rxh2 38. Nf4 Ra2 39. Kb4 Rb2+ 40. Kc4 Ra2 41. Kb4 Rd2 42. Rh1 h6 43. Kc3 Ba5+ 44. Kc4 Rc2+ 45. Kd5 Bb6 46. Nh5 f5 47. Ke5 Rc5+ 48. Kf4 g6 49. Nf6+ Ke6 50. Ng8 Bc7+ 51. Ke3 h5 0-1

[Event "SCO-ch96/1989"]
[Site "St. Andrews"]
[Date "1989.07.15"]
[Round "3"]
[White "Buchanan, Walter F"]
[Black "Swan, Iain"]
[Result "1/2-1/2"]
[WhiteElo "2205"]
[BlackElo "2280"]
[PlyCount "42"]
[EventDate "1989.07.13"]
[EventType "swiss"]
[EventRounds "9"]
[EventCountry "SCO"]
[SourceTitle "BritBase"]
[Source "John Saunders"]
[SourceDate "2025.07.03"]
[SourceVersion "1"]
[SourceVersionDate "2025.07.03"]
[SourceQuality "1"]

1. e4 c5 2. f4 d5 3. exd5 Nf6 4. Bb5+ Nbd7 5. c4 a6 6. Bxd7+ Bxd7 7. Nf3 b5 8. d3 e6 9. dxe6 Bxe6 10. O-O bxc4 11. Qa4+ Bd7 12. Qxc4 Be7 13. Nc3 O-O 14. Ne5 Be6 15. Qa4 Bd6 16. Bd2 Bxe5 17. fxe5 Ng4 18. Qe4 Qd4+ 19. Qxd4 cxd4 20. Ne2 Nxe5 21. Nxd4 Nxd3 1/2-1/2

[Event "SCO-ch96/1989"]
[Site "St. Andrews"]
[Date "1989.07.15"]
[Round "3"]
[White "Holmes, Donald A"]
[Black "Condie, Mark L"]
[Result "1/2-1/2"]
[WhiteElo "2310"]
[BlackElo "2445"]
[PlyCount "29"]
[EventDate "1989.07.13"]
[EventType "swiss"]
[EventRounds "9"]
[EventCountry "SCO"]
[SourceTitle "BritBase"]
[Source "John Saunders"]
[SourceDate "2025.07.03"]
[SourceVersion "1"]
[SourceVersionDate "2025.07.03"]
[SourceQuality "1"]

1. e4 e5 2. f4 d5 3. exd5 c6 4. Nc3 exf4 5. Bc4 Bd6 6. d4 Ne7 7. Qf3 cxd5 8. Bb3 Nbc6 9. Nge2 Nf5 10. Bxf4 Ncxd4 11. Nxd4 Nxd4 12. Qe3+ Qe7 13. Qxe7+ Bxe7 14. Nxd5 Bd8 15. O-O-O 1/2-1/2

[Event "SCO-ch96/1989"]
[Site "St. Andrews"]
[Date "1989.07.15"]
[Round "3"]
[White "MacKay, Ian D"]
[Black "Morrison, Graham"]
[Result "1/2-1/2"]
[WhiteElo "2335"]
[BlackElo "2325"]
[PlyCount "44"]
[EventDate "1989.07.13"]
[EventType "swiss"]
[EventRounds "9"]
[EventCountry "SCO"]
[SourceTitle "BritBase"]
[Source "John Saunders"]
[SourceDate "2025.07.03"]
[SourceVersion "1"]
[SourceVersionDate "2025.07.03"]
[SourceQuality "1"]

1. Nf3 Nf6 2. c4 c5 3. b3 g6 4. Bb2 Bg7 5. g3 b6 6. Bg2 Bb7 7. O-O O-O 8. e3 d6 9. d4 Nbd7 10. Nc3 Ne4 11. Ne2 cxd4 12. exd4 d5 13. Nd2 Ndf6 14. Nxe4 Nxe4 15. Rc1 Qd7 16. f3 Nd6 17. c5 bxc5 18. Rxc5 e6 19. Qd2 Ba6 20. Rfc1 Bxe2 21. Qxe2 a5 22. h3 Rfc8 1/2-1/2

[Event "SCO-ch96/1989"]
[Site "St. Andrews"]
[Date "1989.07.15"]
[Round "3"]
[White "McNab, Colin Anderson"]
[Black "McKay, Roderick McIntosh"]
[Result "0-1"]
[WhiteElo "2435"]
[BlackElo "2390"]
[PlyCount "86"]
[EventDate "1989.07.13"]
[EventType "swiss"]
[EventRounds "9"]
[EventCountry "SCO"]
[SourceTitle "BritBase"]
[Source "John Saunders"]
[SourceDate "2025.07.03"]
[SourceVersion "1"]
[SourceVersionDate "2025.07.03"]
[SourceQuality "1"]

1. c4 e6 2. Nf3 d5 3. b3 c5 4. g3 Nc6 5. Bg2 Be7 6. Bb2 d4 7. O-O e5 8. b4 cxb4 9. a3 bxa3 10. Nxa3 Nf6 11. e3 O-O 12. exd4 exd4 13. d3 Bf5 14. Nc2 Bc5 15. Qd2 Qd7 16. Ba3 Bxa3 17. Rxa3 Rfd8 18. Rb1 h6 19. Qf4 Bh7 20. h3 Rac8 21. g4 b6 22. Nfe1 Na5 23. Rd1 Qe7 24. Ra2 g5 25. Qd2 Nb3 26. Qb4 Nc5 27. Nf3 Qc7 28. Qa3 Ne6 29. Qb2 Nf4 30. Bf1 Qd7 31. Qxd4 Qe6 32. Qe3 Rxc4 33. Ncd4 Rcxd4 34. Nxd4 Qxa2 35. Nc6 Re8 36. Qd4 Qe6 37. Nxa7 Kg7 38. Rb1 N4d5 39. Bg2 Qe5 40. Qc4 Nc3 41. Rxb6 Ne2+ 42. Kh1 Qa1+ 43. Kh2 Qg1# 0-1

[Event "SCO-ch96/1989"]
[Site "St. Andrews"]
[Date "1989.07.15"]
[Round "3"]
[White "Muir, Andrew Joseph"]
[Black "Mannion, Stephen R"]
[Result "0-1"]
[WhiteElo "2250"]
[BlackElo "2300"]
[PlyCount "56"]
[EventDate "1989.07.13"]
[EventType "swiss"]
[EventRounds "9"]
[EventCountry "SCO"]
[SourceTitle "BritBase"]
[Source "John Saunders"]
[SourceDate "2025.07.03"]
[SourceVersion "1"]
[SourceVersionDate "2025.07.03"]
[SourceQuality "1"]

1. d4 Nf6 2. c4 c5 3. d5 b5 4. cxb5 a6 5. b6 Qxb6 6. Nc3 d6 7. a4 g6 8. a5 Qc7 9. e4 Bg7 10. Be2 O-O 11. Nf3 Bg4 12. Nd2 Bxe2 13. Qxe2 Nbd7 14. O-O Rfe8 15. Nc4 e6 16. dxe6 Rxe6 17. Qd3 Ng4 18. Nd5 Qc6 19. Bg5 Rae8 20. Rae1 Bd4 21. h3 Nxf2 22. Rxf2 Qxd5 23. exd5 Rxe1+ 24. Kh2 Bxf2 25. Bf4 Nf6 26. Nd2 Bg1+ 27. Kg3 R8e3+ 28. Bxe3 Rxe3+ 0-1

[Event "SCO-ch96/1989"]
[Site "St. Andrews"]
[Date "1989.07.15"]
[Round "3"]
[White "Roberts, Paul E"]
[Black "Grant, Jonathan I M"]
[Result "1-0"]
[WhiteElo "1865"]
[BlackElo "2110"]
[PlyCount "65"]
[EventDate "1989.07.13"]
[EventType "swiss"]
[EventRounds "9"]
[EventCountry "SCO"]
[SourceTitle "BritBase"]
[Source "John Saunders"]
[SourceDate "2025.07.03"]
[SourceVersion "1"]
[SourceVersionDate "2025.07.03"]
[SourceQuality "1"]

1. e4 c6 2. c4 d5 3. cxd5 cxd5 4. exd5 Nf6 5. Nc3 Nxd5 6. Nf3 e6 7. d4 Bb4 8. Bd2 Nc6 9. Bb5 O-O 10. O-O Nce7 11. a3 Ba5 12. Qa4 Bc7 13. Ne5 Nb6 14. Qc2 Qxd4 15. Nf3 Qg4 16. Bd3 Qh5 17. Ne4 Nbd5 18. Neg5 f5 19. Nh3 Bd7 20. Bg5 Rac8 21. Qb3 b6 22. Ba6 Rce8 23. Rac1 Nc6 24. Rfd1 Qf7 25. Bd2 h6 26. Bb7 Nce7 27. Rxc7 Nxc7 28. Ne5 Qh5 29. Nxd7 Rf7 30. Nf4 Qxd1+ 31. Qxd1 Ncd5 32. Nxe6 Nf6 33. Ne5 1-0

[Event "SCO-ch96/1989"]
[Site "St. Andrews"]
[Date "1989.07.15"]
[Round "3"]
[White "Upton, Timothy J"]
[Black "Bryson, Douglas Marshall"]
[Result "0-1"]
[WhiteElo "2305"]
[BlackElo "2275"]
[PlyCount "82"]
[EventDate "1989.07.13"]
[EventType "swiss"]
[EventRounds "9"]
[EventCountry "SCO"]
[SourceTitle "BritBase"]
[Source "John Saunders"]
[SourceDate "2025.07.03"]
[SourceVersion "1"]
[SourceVersionDate "2025.07.03"]
[SourceQuality "1"]

1. e4 e5 2. Nf3 Nc6 3. c3 Nf6 4. d4 exd4 5. e5 Nd5 6. cxd4 Bb4+ 7. Bd2 Bxd2+ 8. Qxd2 O-O 9. Bb5 d6 10. Nc3 Nce7 11. O-O Bg4 12. Be2 dxe5 13. dxe5 Nxc3 14. Qxc3 Ng6 15. Rac1 c6 16. Rfe1 Nf4 17. Bf1 Nd5 18. Qb3 Qb6 19. Bc4 Qxb3 20. Bxb3 Bxf3 21. gxf3 Nf4 22. Re4 g5 23. h4 h6 24. Kh2 Kg7 25. Rg1 Ng6 26. hxg5 Rh8 27. gxh6+ Rxh6+ 28. Kg2 Kf8 29. Kf1 Re8 30. Rg5 Rh1+ 31. Kg2 Rh6 32. Kg1 Ke7 33. Rf5 Rh7 34. Rg4 Rd8 35. Rfg5 Rd2 36. e6 Nh4 37. Rg3 Rxb2 38. Kf1 fxe6 39. Re5 Rh6 40. Rg7+ Kf6 41. Reg5 Nxf3 0-1